Mapa das Bandeiras dos Distritos de Portugal - Statistics

Estatísticas Gerais
  • Esse quiz foi jogado 59 vezes
  • A pontuação média é 11 de 20
Respostas no mapa
Respostas codificadas por cores de uma escala verde-vermelha no mapa do quiz de acordo com a % correta abaixo.
 
Estatísticas das Respostas
Resposta % Correto
65%
62%
62%
62%
59%
59%
56%
56%
53%
53%
53%
53%
53%
53%
50%
47%
47%
44%
38%
35%
Nenhum quiz correspondente encontrado
Distribuição das Pontuações
Porcentagem de Pessoas com Cada Pontuação
Percentil de Números Respondidos
Sua Pontuação Histórica
Você não jogou esse quiz